Nauka programmirovanija

Guardado en:
Detalles Bibliográficos
Autor principal: Gries, David
Formato: Libro
Lenguaje:ruso
Publicado: Moskva Mir 1984
Etiquetas: Agregar Etiqueta
Sin Etiquetas, Sea el primero en etiquetar este registro!

MARC

LEADER 00000nam a2200000 4500
001 c108897
005 20240912070800.8
041 0 |a rus 
044 |a RU 
245 1 0 |a Nauka programmirovanija  |c David Gries ; [Perevod s anglijskogo N.N. Nepejvody] 
264 1 |a Moskva  |b Mir  |c 1984 
300 |a 416 s. 
100 1 |a Gries, David